| 000 | 01145nam a2200289 i 4500 | ||
|---|---|---|---|
| 001 | 000041059 | ||
| 003 | DO-SdBNP | ||
| 005 | 20230530085708.0 | ||
| 007 | ta | ||
| 008 | 090701s2012 dr c 000 0 spa d | ||
| 040 |
_aDO-SdBNP _bspa _cBNPHU _erda |
||
| 082 | 4 |
_a021.7 _bF356, 2012 _222 |
|
| 111 | 2 |
_aFeria Internacional del Libro _cSanto Domingo, República Dominicana) _967550 |
|
| 245 | 1 | 0 |
_aXV Feria Internacional del Libro Santo Domingo 2012 : _bexposición fotográfica, guerra abril 1965, de Milvio Pérez |
| 246 | 1 | 0 | _aDecimoquinto Feria Internacional del Libro Santo Domingo, 2012 |
| 264 |
_aSanto Domingo : _bDirección General de la Feria del Libro, _c2012. |
||
| 300 |
_a1 volumen (sin paginar : _bilustrado ; _c14 cm. |
||
| 336 |
_2rdacontent _atexto _btxt |
||
| 337 |
_2rdamedia _asin mediación _bn |
||
| 338 |
_2rdacarrier _avolumen _bnc |
||
| 590 | _aInventariado, 2023 / DG | ||
| 611 | 2 |
_aFeria internacional del libro _d2012 : _cSanto Domingo, República Dominicana) _967551 |
|
| 650 | 4 |
_aFeria del libro _y2012 _967552 |
|
| 650 | 4 |
_aFeria del libro _zRepública Dominicana _y2012 _967553 |
|
| 910 | _aDG* | ||
| 942 |
_2ddc _cLBS1 |
||
| 999 |
_c53648 _d53648 |
||